Láska s vůní čokolády /

Hřejivý román plný romantiky a léta z malebného kraje švédských lesů a jezer, volné pokračování knihy Altán s vůní čokolády.

Uloženo v:
Hlavní autor: Blixt, Hanna, 1979- (Autor)
Další autoři: Doležalová, Ela, 1991- (Autor)
Médium: Kniha
Jazyk:Czech
Vydáno: Praha : Metafora, 2026
Vydání:První vydání
Témata:
Celkem bylo vypůjčeno:0x
Tagy:
Žádné tagy
LEADER 02564nam a2200421 i 4500
001 106699
003 CZ PrNK
005 20260701113940.0
007 ta
008 260622s2026 xr g 000 f cze
015 |a cnb003765471 
020 |a 9788076259553  |q (brožováno) :  |c Kč 349,00 
040 |a ABG001  |b cze  |e rda 
041 1 |a cze  |h swe 
072 7 |a 821.11  |x Germánské literatury  |2 Konspekt  |9 25 
080 |a 821.113.6-31  |2 MRF 
080 |a (0:82-31)-055.2  |2 MRF 
100 1 |a Blixt, Hanna,  |d 1979-  |7 xx0330619  |4 aut  |9 116212 
240 1 0 |a Kyrkklockor vid älven.  |l Česky 
245 1 0 |a Láska s vůní čokolády /  |c Hanna Blixt ; přeložila Ela Rohanová 
250 |a První vydání 
264 1 |a Praha :  |b Metafora,  |c 2026 
300 |a 238 stran ;  |c 21 cm 
336 |a text  |b txt  |2 rdacontent 
337 |a bez média  |b n  |2 rdamedia 
338 |a svazek  |b nc  |2 rdacarrier 
500 |a Přeloženo ze švédštiny 
520 2 |a Hřejivý román plný romantiky a léta z malebného kraje švédských lesů a jezer, volné pokračování knihy Altán s vůní čokolády.  |b Hilma se před časem vzdala úspěšné kariéry ve městě a impulzivně přijala práci ve výrobně čokoládových pralinek Altán ve vesničce uprostřed malebného švédského kraje Dalarna, plného lesů a jezer. Po prvotních komplikacích se provoz Altánu rozjel natolik dobře, že Hilma s majitelkou pralinkárny Maggie mají co dělat, aby všechno stíhaly. Navíc si má Maggie brzy brát svého milovaného Äkeho a Hilma dostane od budoucího ženicha tajný úkol -vskrytu se chopit většiny svatebních příprav. Vše se ještě zkomplikuje, když se na místě postupně objeví celá Hilmina rodina a snaží se společně čelit šokující novince. Zvládne Hilma připravit pro své blízké přátele dokonalou svatbu, vyřešit nečekanou rodinnou situaci, věnovat se práci, a přitom nezanedbat svůj čerstvý vztah s Joelem? A jak ji zasáhne dávný příběh lásky místní rodačky Anny? Nakladatelská anotace. 
655 7 |a švédské romány  |7 fd133923  |2 czenas  |9 128 
655 7 |a romány pro ženy  |7 fd187897  |2 czenas  |9 115 
655 9 |a Swedish fiction  |2 eczenas 
655 9 |a women's novels  |2 eczenas 
700 1 |a Doležalová, Ela,  |d 1991-  |7 xx0270462  |4 trl  |9 116210 
710 2 |a Metafora (nakladatelství)  |7 ko20251277658  |4 pbl  |9 117218 
910 |a UOG502 
942 |2 ddc  |c KN 
999 |d 106699 
993 |0 0  |1 421180107426  |2 ddc  |4 0  |7 0  |9 100204  |b 0  |c 107426  |d 2026-07-01  |e 0  |f DOSP  |h 349.00  |i Koupě  |l DOSP  |r 2026-07-02  |t 6  |w 2026-07-01  |y KN  |z BELET  |n